000 00545nam a2200181Ia 4500
001 16512
005 20260306170315.0
008 260306t2019||||xx |||||||||||||| ||und||
041 _aESP
082 _a348.6
_bP72S
110 _aPoder Judicial del Perú
245 0 _aV, VI y VII plenos jurisdiccionales supremos en materia laboral y previsional :
_bsalas de derecho constitucional y social permanente y transitorias
260 _c2019
300 _a174 páginas :
_c24 cm.
650 _aGEN
654 _aCDE
942 _cLIB
_dJUS
_fJUS
_2ddc
_n
999 _c16512
_d16512